000 00880nas a2200289 4500
001 BR9704750
003 BR-BrBNA
005 20231205100543.0
007 ta
008 230509b bl.|||p| |||| 00| 00por d
040 _aBR-BrBNA
_bpor
_cBiblioteca Nacional de Agricultura
041 _a(Pt)
072 _aM12
100 1 _aPerfeto, P.N.M.
100 1 _aLima, R.C.
100 1 _aMacada, A. de P.
100 1 _aAlt, C.C.
245 1 _aCultivo unialgal de Tetraselmis chuii Butcher (Prasinophyceae-Pynamimonadales)com fertilizante agricola em diferentes salinidades
650 _aAlga Marinha
650 _aProducao
650 _aFertilizante
650 _aSalinidade
650 _aEstufa
773 0 _tIheringia. Serie Botanica (Brazil)
_xISSN 0073-4705
_g(May 1997), no. 48 p. 3-14
_wBR9704750
909 _a202311
_bLúcia
_c55
_dLúcia Elande
942 _2AGRIS
_n0
_cANA
999 _c156659
_d156659